Yüklüyor......

Stopping fatigue

Detaylı Bibliyografya
Yazar: Clements, Harry
Materyal Türü: Printed Book
Dil:Undetermined
English
Baskı/Yayın Bilgisi: UK Thorsons publishers Ltd 1973
Konular:
LEADER 00500nam a2200157Ia 4500
008 140306s9999 xx 000 0 und d
041 |a eng 
082 |a 613.25  |b CLE 
100 |a Clements, Harry 
245 |a Stopping fatigue 
260 |a UK  |b Thorsons publishers Ltd  |c 1973 
300 |a 64 
650 |a Faligue - significance 
942 |2 ddc  |c BK 
999 |c 66314  |d 66314 
952 |0 0  |1 0  |2 ddc  |4 0  |6 613_250000000000000_CLE  |7 0  |9 72656  |a KAUACV  |b KAUACV  |d 2004-05-26  |o 613.25 CLE  |p KAU_ACV-16170  |r 2014-03-22  |w 2014-03-22  |y BK